| 000 | 00593nam a2200229Ia 4500 | ||
|---|---|---|---|
| 999 |
_c10182 _d10182 |
||
| 003 | 0100 | ||
| 005 | 20190702120249.0 | ||
| 008 | 130303s9999 xx 000 0 und d | ||
| 020 | _a821345508 | ||
| 040 | _cARRUPELIB | ||
| 050 | _aHC59.69.G5852000 | ||
| 245 | _aGlobal economic prospects and the developing countries | ||
| 260 |
_aWashington D.C _bWorld Bank _c2000 |
||
| 300 | _axvi | ||
| 300 | _b 173p. 28cm | ||
| 650 |
_bEconomic history _y1990 International trade International economic relations _946778 |
||
| 700 |
_aWorld Bank _946779 |
||
| 942 | 0 | 0 |
_02 _2lcc _cMONOGRAPH |